000 01055nam a2200289 i 4500
003 DO-SdBNP
005 20240902113207.0
007 ta
008 240902s2011 xxuacd 000 j spa d
020 _a1607971933
040 _aDO-SdBNP
_bspa
_cBNPHU
_erda
082 _bA473h
_222
100 _aÁlvarez López, Luis
_944998
_eautor
245 1 4 _aThe history of capitalism in Dominican Republic, 1870-2004 :
_breadings in dominican history /
_cLuis Álvarez López, Apolinar Matos GonzálezL
264 1 _aNew York, Estados Unidos :
_bLinus publications,
_c2011.
300 _a208 páginas,
_bilustraciones, retratos, grafícas
_c27 cm.
336 _2rdacontent
_atexto
_btxt
337 _2rdamedia
_asin mediación
_bn
338 _2rdacarrier
_avolumen
_bnc
500 _aIncluye datos biográficos de los autores en la contraportada.
504 _aBibliografía p: 207.
504 _aReferencias p: 202-205
590 _aInventariado, 2024/ YL
700 1 _aMatos González, Apolinar
_eautor
_986494
910 _aYLockward
942 _2ddc
_cLBS1
999 _c57601
_d57601